000 00560cam a2200205ua 4500
001 6076
008 131120n ii |||gr||||Z||||||asm
020 _a978-81-7339-464-5
040 _cMAIN
082 _a940
245 _aAdhunik Paschatyar Utthan
_cBy Tasadduque Amanul Hussain
250 _a1st.
260 _aDibrugarh:
_bBanalata,
_c2009.
_aGuwahati:
300 _ax,357.
653 _aHistory of Europe
653 _aAdhunik Paschatyar Utthan
700 _aHussain,Tasadduque Amanul,
_eAuthor.,
700 _aBhattacharya,D.R.,
_eAuthor.
942 _cBK
999 _c5229
_d5229